| 000 | 00482nam a2200181Ia 4500 | ||
|---|---|---|---|
| 001 | 23937 | ||
| 005 | 20260414151010.0 | ||
| 008 | 260414t2017||||xx |||||||||||||| ||spa|| | ||
| 041 | _aESP | ||
| 082 |
_a724 _bR68 |
||
| 100 |
_aRivera Gámez, David _eAUT |
||
| 245 | 0 |
_aLa otra arquitectura moderna : _bexpresionistas, metafísicos y clasicistas, 1910-1950 |
|
| 260 | _c2017 | ||
| 300 |
_a367 páginas : _c24 cm. |
||
| 650 | _aABD | ||
| 654 | _aCAU | ||
| 942 |
_cLIB _dJUS _fJUS _2ddc _n |
||
| 999 |
_c23937 _d23937 |
||